|
|
|
|
| LEADER |
00000nam a22000007a 4500 |
| 005 |
20191016002758.0 |
| 007 |
cr|||| |||| |
| 008 |
191016c20189999au tr|w s|||| 0|||b1eng d |
| 022 |
|
|
|a 1836-0955
|
| 035 |
|
|
|a 22673
|
| 040 |
|
|
|a vLex
|
| 090 |
|
|
|c 9852
|d 9852
|
| 245 |
0 |
3 |
|a The Journal Jurisprudence
|h [Recurso electrn̤ico] /
|
| 256 |
|
|
|a Servicio en ln̕ea
|
| 260 |
|
|
|a Melbourne:
|b Elias Clark,
|c 2018 -
|
| 300 |
|
|
|a 1 recurso electrn̤ico
|
| 310 |
|
|
|a Cuatrimestral
|
| 506 |
1 |
|
|a Disponible solo en los productos indicados
|d vLex Global
|d vLex Global (Academic Edition, excluding Law Schools)
|d vLex Global (U.S. Academic Edition, Law Schools)
|d vLex Global (U.S. Academic Edition, excluding Law Schools)
|d vLex Global (Academic Edition, Law Schools)
|
| 650 |
0 |
4 |
|a Derecho Internacional
|z Australia
|
| 650 |
0 |
4 |
|a Derecho Civil
|z Australia
|
| 650 |
0 |
4 |
|a Derecho Penal
|z Australia
|
| 740 |
0 |
|
|a vLex Revistas (Servicio en ln̕ea)
|
| 856 |
4 |
0 |
|u http://vlex.com/source/journal-jurisprudence-22673
|z Acceso restringido
|
| 942 |
|
|
|c REV
|
| 999 |
0 |
|
|a International Law
|
| 999 |
0 |
|
|a Civil Law
|
| 999 |
0 |
|
|a Criminal Law
|